000 00959nam a2200229 a 4500
001 13235
003 BD-JhCC
005 20230731082857.0
008 230731s2022 bg a|||| |||| 000 0 ben d
035 _a(BD-JhCC)13235
040 _aBD-JhCC
_dBD-JhCC
041 _aeng
082 _a891.4435
_bVUY 2022
100 _aভূঁইয়া, ওয়ালিউল্লাহ
245 _aসবচেয়ে ধনী দেশের গল্প /
_cওয়ালিউল্লাহ ভূঁইয়া; ইলাস্ট্রেটর জাকিয়া শিমমিন চৌধুরী
260 _aঢাকা :
_bgoofi,
_c২০২২
300 _a৩৮ পৃ. :
_bরঙিন পৃষ্ঠা;
_c২২ সেমি.
504 _aগ্রন্থপঞ্জি সংযোজিত।
650 _aBengali Short story
700 _aচৌধুরী, জাকিয়া শিমমিন
942 _2ddc
_cBK
999 _c13235
_d13235